00660nam a2200157 a 450000100100000000500170001000800410002704000250006811001510009324500610024426000390030530000270034404900090037195201050038099900170048500003029320200930060215.0110509nuuuuuuuudr a 000 | spa d aDO-SdBNPbspacBNPHU1 aRepública Dominicana.bSecretaría de Estado de Educación, Bellas Artes y Cultos.bDirección General de Educación Física Escolar95670210aComo jugar mejor al baloncesto :bmanual de mini basket. aSanto Domingo :b[s.n.],c[19--?]. a23 p. :bil. ;c27 cm. aBNPD 0010718PDaPDbPDcCTd2011-05-09iLF1l0o p30293-10r2020-06-25w2020-06-25yLFPDZNo se presta c29785d29785